| 000 | 00351nam a22001217a 4500 | ||
|---|---|---|---|
| 082 |
_a333.791091724 _bENE _cD |
||
| 245 |
_aEnergy in developing countries _cThe world bank |
||
| 260 |
_aWashington _bThe world bank _c1991 |
||
| 300 |
_aviii, 137 p. : _bill, ; _c24 cm. |
||
| 526 |
_a0 _b0 _c0 _d333_791091724000000_ENE |
||
| 650 |
_aD _96527 |
||
| 942 |
_2ddc _cBK |
||
| 999 |
_c541940 _d541940 |
||